000 01000nam a22003135i 4500
001 18469
003 ES-MaACL
005 20230906151838.0
007 t|
008 011106s2001 sp ||||0| spa j
020 _a84-493-1085-7
040 _aM-BN
_bspa
_cM-BN
080 _a159.925
080 _a316.772.4
100 1 _aAiles, Roger.
_918969
245 1 0 _aTú eres el mensaje
_b: la comunicación con los demás a través de los gestos, la imagen y las palabras /
_cRoger Ailes, Jon Kraushar ; [traducción de Mariela Orozco].
260 _aBarcelona :
_bPaidós Ibérica,
_c[2001]
300 _a248 p ;
_c21 cm.
490 1 _aPaidós plural ;
_v27
500 _aIndice.
650 4 _aRelaciones humanas.
_916782
650 1 4 _aComunicación interpersonal.
_911200
700 1 _aKraushar, Jon.
_968768
700 1 _aOrozco, Mariela.
_987335
830 0 _aPaidós plural ;
_v27
_9185284
852 _aES-MaACL
_jL-25100
_bR.130531
999 _c18469
_d18469